000 03163cam a22006374i 4500
003 PE-LiUPU
005 20250731173546.0
008 150616s1947 wau r 000 0 eng d
035 _a(Sirsi) a9326
040 _aPE-LiUPU
_bspa
_cPE-LiUPU
_erda
049 _aPRUA
050 _aBX6146
_b.S81
082 0 4 _a286.7325
_bHRI
_220
082 0 4 _a286.7325
_bHRi
_221
082 0 4 _a234
_bSR
_221
100 1 _aWhite, Elena G. de,
_eautor.
245 1 4 _aThe story of Redemption /
_cElena G. de White.
264 1 _aWashington :
_bReview and Herald Publishing Association,
_c1947.
300 _a445 páginas ;
_c17 centimetros.
336 _atext
_2rdacontent
337 _aunmediated
_2rdamedia
338 _avolume
_2rdacarrier
500 _aOtra ed.: 1980, incluye Guía de estudio.
505 0 _aThe fall of lucifer.- The creation.- Consequences of rebellion.- Temptation and fall.- The plan of salvation.- Cain and Abel.- Seth and Enoch.- The flood.- The tower of Babel.
526 _aSEG42
526 _aSEG41
526 _aSEG40
526 _aSEG39
526 _aP94
526 _aP87
526 _aP86
526 _aP85
526 _aP77
526 _aP76
526 _aP35
650 0 4 _aSalvación
_xHistoria.
910 _ajck
_bjvq
_cjck
910 _ajck
_bjvq
_cjck
_d20170522
942 _2ddc
_cBOOK
949 _aBX6146 .S81
_wDEWEY
_c1
_iCW58501
_lCCODEBUL1
_mBUL
_pdollar17
_r0
_sY
_tBOOK
_u20080626
_xTEOLOGIA
_PP35
_0COMPRA
_o.STAFF. Colección General
949 _aBX6146 .S81 1947
_wDEWEY
_c2
_iCW04897
_lCCODEBUL1
_mBUL
_p20.00
_r0
_sY
_tBOOK
_u2015-04-23
_xTEOLOGIA
_zUNKNOWN
_0COMPRA
_o.STAFF. Colección General
949 _a286.7325 HRiG
_wDEWEY
_c3
_i29956
_lCCODEBUL1
_mBUL
_p00.00
_r0
_sY
_tBOOK
_u2015-04-23
_xTEOLOGIA
_zUNKNOWN
_0COMPRA
_o.STAFF. Colección General
949 _aBX6146 .H542
_wDEWEY
_c4
_iCW50728
_lCCODEBUL1
_mBUL
_pdollar4.50
_r0
_sY
_tBOOK
_u19790426
_xTEOLOGIA
_PP35
_0COMPRA
_o.STAFF. Colección General
994 _aC0
_bPEPRU
596 _a1 4
999 _a286.7325 HRIG
_wDEWEY
_c60766
_i29956
_f2019-12-11
_g4
_lDISCARD
_mBUL
_r0
_sY
_tBOOK
_u2015-4-23
_xTEOLOGIA
_zUNKNOWN
_0COMPRA
_o.STAFF. Colección General
_d60766
999 _a286.7325 HRIG
_wDEWEY
_c5
_i75880
_d2018-5-4
_f2021-11-11
_g4
_lCCODEBUL1
_mBUL
_p23.00
_q1
_r0
_sY
_tBOOK
_u2017-5-22
_xTEOLOGIA
_PP85
_0DONACION
_o.STAFF. Colección Teología
999 _a286.7325 HRI 1947
_wDEWEY
_c1
_iCW50728
_f2021-12-21
_g2
_lCCODECWL1
_mBWL
_p25.00
_r1
_sY
_tBOOK
_u2015-6-16
_xWHITE
_zUNKNOWN
_0COMPRA
_o.STAFF. Centro White
999 _a286.7325 HRI 1947
_wDEWEY
_c2
_iCW04897
_f2021-12-21
_g2
_lCCODECWL1
_mBWL
_p20.00
_r1
_sY
_tBOOK
_u2015-4-23
_xWHITE
_zUNKNOWN
_0COMPRA
_o.STAFF. Centro White
999 _a286.7325 HRI
_wDEWEY
_c1
_iCW58501
_f2021-12-21
_g2
_lCCODECWL1
_mBWL
_p30.00
_r1
_sY
_tBOOK
_u2015-6-16
_xWHITE
_zUNKNOWN
_0COMPRA
_o.STAFF. Centro White
980 _81
_gALBERTO SANCHEZ Responsable de Automatización